000 01173nam0a2200313 i 4500
001 RU\NLR\BIBL_A\011101226
005 20260406022602.0
010 _a9785981161810
_9940
021 _aRU
_b2016-22566
_91426
035 _a(NILC)RuMoRGB-008253732
035 _a(NLR Aleph) 011101226
090 _a11421855
_c11421855
100 _a20160413d2014 u y0rusy50 ca
101 0 _arus
102 _aRU
105 _aac z 000yy
200 1 _aМосальчане
_fАнатолий Зайцев
210 _aСаратов
_cНовый ветер
_d2014
215 _a211 с., [8] ил., цв. ил., портр.
_cил., портр.
_d27
320 _aБиблиогр.: с. 210
607 _aМосальск, город (Калужская область)
_xИстория
_92202446
_3RU\NLR\AUTH\661323419
686 1 _aТ3(2Р-4Калж-2М)0,02
700 1 _8rus
_7ca
_aЗайцев
_bА. Е.
_cкраевед, журналист
_f1938-
_gАнатолий Елисеевич
_3RU\NLR\AUTH\77124118
_9107043
801 0 _aRU
_bРГБ
_c20160323
_gRCR
801 2 _aRU
_bРГБ
_c20160331
_grcr
942 _cBOOK
980 _aNBR